| 000 | 00799 aa a2200217 4500 | ||
|---|---|---|---|
| 005 | 20120525112418.0 | ||
| 010 | _a | ||
| 020 |
_c100.00 _a |
||
| 035 | _aB-189205 | ||
| 037 | _bpub | ||
| 082 | _a575 | ||
| 100 |
_aवीरकुमार अधीर _947868 |
||
| 245 |
_aवानर से नर / _cवीरकुमार अधीर |
||
| 246 |
_a _b |
||
| 260 |
_aदिल्ली _bप्रेम प्रकाशन मन्दिर _c2005 |
||
| 270 |
_a _b _e |
||
| 300 |
_a96पृ _c22 सेमी (सजिल्द) |
||
| 490 |
_aभौतिक-भूगोल-1 _947869 |
||
| 942 |
_adpl _cHN _k _2ddc _h575 _mवीरकु |
||
| 999 |
_c67135 _d67135 |
||